Scorpions songs by pictures - Statistics

General Stats
  • This quiz has been taken 23 times
  • The average score is 6 of 12
Answer Stats
Picture Answer % Correct
Wind of change
90%
Rock you like a hurricane
85%
Send me an angel
85%
Big city nights
80%
The Zoo
65%
Another piece of meat
40%
Loving you sunday morning
40%
Dynamite
35%
Holiday
35%
Blackout
30%
To be with you in Heaven
30%
XX century man
25%
No matching quizzes found
Score Distribution
Percent of People with Each Score
Percentile by Number Answered
Your Score History
You have not taken this quiz